000 02599nam a2200385Ka 4500
001 bslw06330737
003 UtOrBLW
005 20210303085429.0
006 m d
007 cr un|||||||||
008 101115s2000 enk o 001 0 eng d
020 _a9781849500012 (electronic bk.) :
_c£68.95 ; €96.95 ; $122.95
040 _aUtOrBLW
_cUtOrBLW
050 4 _aZ665
_b.A38 2000
072 7 _aGL
_2bicssc
072 7 _aLIB
_2bicssc
072 7 _aLAN025000
_2bisacsh
080 _a02
082 0 4 _a020
_222
245 0 0 _aAdvances in librarianship.
_nVol. 24
_h[electronic resource] /
_cedited by Elizabeth A. Chapman and Frederick C. Lynden.
260 _aBingley, U.K. :
_bEmerald,
_c2000.
300 _a1 online resource (xiii, 232 p.).
490 0 _aAdvances in librarianship,
_x0065-2830
500 _aIncludes index.
505 0 _aInformation : a sceptical account / Frank Webster -- Professional education in Australia, the United Kingdom, and the United States in the 20th century / Patricia Layzell Ward -- Acquisitions / Lisa German, Karen Schmidt -- The child in the electronic age : new developments in resources and services provided to children by public libraries / Judith Elkin, Glen Mynott -- The International Association of Music Libraries (IAML) : past, present, and future / John Wagstaff -- The impact of American librarianship on libraries of communist and postcommunist Russia / Irina Klim -- Publishing in 2000 / Karen Hunter -- Planning academic library buildings for a new age / Andrew McDonald -- Museums of the book / Nicholas Pickwoad.
520 _aCritically acclaimed since its inception, Advances in librarianship continues to be the essential reference source for developments in the field of libraries and library science. Articles published in the series have won national prizes, such as the Blackwell North America Scholarship Award for the outstanding 1994 monograph, article, or original paper in the field of acquisitions, collection, development, and related areas of resource development. All areas of public, college, university, primary and secondary schools, and special libraries are given up-to-date, critical analysis by experts engaged in the practice of librarianship, in teaching, and in research.
588 0 _aPrint version record
650 0 _aLibrary science.
650 0 _aInformation science.
700 1 _aChapman, Elizabeth A.
700 1 _aLynden, Frederick C.
776 1 _z9780120246243
856 4 0 _uhttps://www.emerald.com/insight/publication/doi/10.1016/S0065-2830(2000)24
913 _1BMEbacklist
999 _c32154
_d32154